Política de participación de padres, madres y apoderados-as en el sistema educativo
Uloženo v:
| Korporativní autor: | |
|---|---|
| Médium: | Kniha |
| Jazyk: | španělština |
| Vydáno: |
Santiago
Ministerio de Educación
2002
|
| Vydání: | 1a. ed |
| Témata: | |
| Tagy: |
Přidat tag
Žádné tagy, Buďte první, kdo vytvoří štítek k tomuto záznamu!
|
MARC
| LEADER | 00000nam a2200000 a 4500 | ||
|---|---|---|---|
| 001 | UCK0099 | ||
| 003 | CL-VaPUC | ||
| 008 | 040915e20020200CL |||||||||||||||||spa|d | ||
| 082 | 0 | 4 | |a 371.192 |b MIN |2 21 |
| 110 | 2 | |a Ministerio de Educación |e author |9 488009 | |
| 245 | 1 | 0 | |a Política de participación de padres, madres y apoderados-as en el sistema educativo |
| 250 | |a 1a. ed | ||
| 300 | |a 59 p | ||
| 942 | |c BK | ||
| 945 | |d 20040915 00:00:00 |a vberengu | ||
| 260 | |a Santiago |b Ministerio de Educación |c 2002 | ||
| 500 | |a http://www.mineduc.cl | ||
| 650 | 7 | |a PARTICIPACION DE LOS PADRES |2 CL-VaPUC |9 488010 | |
| 650 | 7 | |a RESPONSABILIDAD DE LOS PADRES |2 CL-VaPUC |9 488011 | |
| 650 | 7 | |a RELACIONES PADRES ESCUELA |2 CL-VaPUC |9 337206 | |
| 583 | |a last modification |c 20130306 09:45:11 |k Rodrigo Vera | ||
| 999 | |c 310634 |d 310632 | ||
| 952 | |0 0 |1 0 |4 0 |6 371_192000000000000_MIN_2002 |7 0 |8 P |9 379506 |a BIBEDU |b BIBEDU |c BIBEDU_PB |d 2019-11-21 |i 4060555 |o 371.192 MIN 2002 |p 4060555 |r 2024-01-25 |w 2019-11-21 |y BK |k EPE | ||
| 952 | |0 0 |1 0 |4 0 |6 371_192000000000000_MIN_2002 |7 0 |8 P |9 379507 |a BIBEDU |b BIBEDU |c BIBEDU_PB |d 2019-11-21 |i 4595238 |o 371.192 MIN 2002 |p 4595238 |r 2024-01-25 |w 2019-11-21 |y BK |k BME | ||